Normal view
MARC view
Entry Personal Name
001 - CONTROL NUMBER
- control field: 26239
003 - CONTROL NUMBER IDENTIFIER
- control field: OSt
005 - DATE AND TIME OF LATEST TRANSACTION
- control field: 20211105135019.0
008 - FIXED-LENGTH DATA ELEMENTS
- fixed length control field: 211105|| aca||aabn | a|a d
040 ## - CATALOGING SOURCE
- Original cataloging agency: OSt
- Transcribing agency: OSt
100 ## - HEADING--PERSONAL NAME
- Personal name: Truran, K. W., ed
670 ## - SOURCE DATA FOUND
- Source citation: Work cat.: (OSt): International Astronomical Union Symposium 187th Kyoto, Japan 1997 Aug. 26-30 26237, Cosmic chemical evolution, 2002